Πρόσθεση όχι αφαίρεση, πολλαπλασιασμός όχι διαίρεση : η μεταρρυθμιστική παρέμβαση στην εκπαίδευση της μειονότητας της Θράκης

Αποθηκεύτηκε σε:
Λεπτομέρειες βιβλιογραφικής εγγραφής
Άλλοι συγγραφείς: Φραγκουδάκη, Άννα (edtf [Επιμελήτρια]), Δραγώνα, Θάλεια Γ. (edtf)
Μορφή: Βιβλίο
Γλώσσα:Greek
Δημοσίευση: Αθήνα : Μεταίχμιο, 2008.
Έκδοση:1η έκδ.
Θέματα:
Ετικέτες: Προσθήκη ετικέτας
Δεν υπάρχουν, Καταχωρήστε ετικέτα πρώτοι!

MARC

LEADER 00000cam a2200000 i 4500
001 1/3335
008 100119s2008 gr | ||| |||| ||gre||
020 |a 9789604552184 
035 |l 10106340 
040 |a GR-MY-UA  |b gre  |e aacr 
041 0 |a gre 
082 7 |a 371.829   |2 (22) 
245 0 0 |a Πρόσθεση όχι αφαίρεση, πολλαπλασιασμός όχι διαίρεση :   |b η μεταρρυθμιστική παρέμβαση στην εκπαίδευση της μειονότητας της Θράκης /   |c επιμέλεια: Θάλεια Δραγώνα, Άννα Φραγκουδάκη.  
250 |a 1η έκδ. 
260 |a Αθήνα :   |b Μεταίχμιο,   |c 2008.  
300 |a 549 σ. :   |b εικ., πίν., σχέδ. ;   |c 24 εκ.  
504 |a Περιέχει βιβλιογραφικές παραπομπές και ευρετήριο.  
650 0 0 |a Educational change  |z Greece  |z Thrace, Western. 
650 0 0 |a Minorities  |z Greece  |z Thrace, Western  |x Education. 
650 0 0 |a Muslims  |z Greece  |z Thrace, Western  |x Education. 
700 1 |a Φραγκουδάκη, Άννα,  |e edtf [Επιμελήτρια] 
700 1 |a Δραγώνα, Θάλεια Γ.  |e edtf 
852 |a INST  |b LESVOS  |e 20100119  |h 371.829 ΠΡΟ  |p 005100045974  |q 005100045974  |t BK  |y 0 
901 |a BIBL1-2010-1 
909 |a Λ  |b 160154 
970 |a ΚΑΡΑ  |b ΓΙΑΣΕΜΗ  |z 2010/01/19